Friedrich Ebert (Record no. 5026)

MARC details
000 -BAŞLIK
Sabit Uzunlukta Kontrol Alanı 00872na a2200253 4500
001 - KONTROL NUMARASI
Denetim Alanı 15500
003 - KONTROL NUMARASI IDENTIFIER
Denetim Alanı MIRAKIL
005 - SON İŞLEM TARİHİ VE ZAMANI
Denetim Alanı 20181213155025.0
008 - SABİT-BOY VERİ ELEMANLARI - GENEL BİLGİLER
Sabit Uzunlukta Kontrol Alanı 161018b tu 000 0
035 ## - SİSTEM KONTROL NUMARASI
Sistem Kontrol Numarası 15500
040 ## - KATALOGLAMA KAYNAK
Orijinal Kataloglama Ajansı Milas
Kataloglama Dili tur
Metne Dönüştürmek Ajansı TR-AnCHP
041 ## - DİL KODU
Metin / Ses Parça Veya Ayrı Başlığın Dil Kodu ger
082 ## - DEWEY ONLU SINIFLANDIRMA NUMARASI
Sınıflandırma Numarası 923.1 Ebert,F.
Ürün Numarası W57f 1982
090 ## - SINIFLAMA NUMARASI
Sınıflama Numarası 923.1 Ebert,F. W57f 1982
100 ## - ANA GİRİŞ - KİŞİSEL İSİM
Kişisel Ad Witt, Peter - Christian
245 ## - BAŞLIK TABLOSU
Başlık Friedrich Ebert
Başlığın Kalan Parteiführer, reichskanzler, volksbeauftragter, reichsprasident
Sorumluluk Tablosu, Vb Peter - Christian Witt
246 ## - UNVAN FORM VARYING
Başlık Doğru / Kısa Başlığı Parteiführer, reichskanzler, volksbeauftragter, reichsprasident
260 ## - YAYIN, DAĞITIM, VB
Yayın, Dağıtım, Vb Yeri Bonn
Yayıncı, Dağıtıcı, Vs Adı Verlag Neue Gesellschaft
Yayın, Dağıtım, Vb Tarihi 1982
300 ## - FİZİKSEL TANIM
Kapsam 160 s.
Diğer Fiziksel Ayrıntıları res.
Boyutlar 21 sm.
600 ## - KONU KATMA GİRİŞ - KURUMSAL ADI
Kişisel Ad Ebert, Friedrich
Bir Adıyla İlişkilendirilen Tarihler 1919 - 1925
Genel Alt Bölümü Yaşamöyküsü
650 ## - KONU KATMA GİRİŞ - TOPİKAL DÖNEM
Topikal Süreli Veya Coğrafi Ad Giriş Elemanı Cumhurbaşkanları
Genel Alt Bölümü Yaşamöyküsü
651 ## - KONU KATMA GİRİŞ - COĞRAFİ ADI
Coğrafi İsim Almanya
Genel Alt Bölümü Cumhurbaşkanları
Kronolojik Alt Bölümü Yaşamöyküsü
942 ## - EKLENDİ GİRİŞ ELEMANLARI (KOHA)
Sınıflandırma Veya Raf Düzeni Kaynak Dewey Decimal Classification
Koha Öğesi Türü Books
999 ## - SİSTEM KONTROL NUMARALARI (KOHA)
Koha Biblionumber 5026
Koha Biblioitemnumber 5026
Holdings
Kalıcı Konum Mevcut Konum Edinme Tarihi Edinim Kaynak Toplam Check-Out'Lar Tam Çağrı Numarası Barkod Tarih Son Görülme İtibaren Geçerli Fiyatlar Koha Öğesi Türü
CHP Kütüphanesi CHP Kütüphanesi 09/11/2016 Bağış   923.1 Ebert,F. W57f 1982 003469 09/11/2016 09/11/2016 Books